| 000 | 00436nam a2200193Ia 4500 | ||
|---|---|---|---|
| 005 | 20240823014916.0 | ||
| 008 | 240823s9999||||xx |||||||||||||| ||und|| | ||
| 020 | _a81-203-2578-8 | ||
| 041 | _aENGLISH | ||
| 082 | _A179.1 P4 | ||
| 100 | _aGovindarajan M et al. | ||
| 245 | 0 | _aEngineering Ethics | |
| 250 | _a1st | ||
| 260 |
_c2004 _b"PHI,New D" |
||
| 500 | _aYES | ||
| 650 |
_aEthics _bGeneral |
||
| 942 | _cBK | ||
| 999 |
_c171196 _d171196 |
||